The award of the commissioner appointed by an Act of Parliament for enclosure lands in the Parish of Tangley in the County of Southampton (Record no. 114738)

MARC details
000 -LEADER
fixed length control field 00681ctm a22002055a 4500
001 - CONTROL NUMBER
control field L157373
008 - FIXED-LENGTH DATA ELEMENTS--GENERAL INFORMATION
fixed length control field 121119s1828 xxk f 000 0 eng d
035 ## - SYSTEM CONTROL NUMBER
System control number (Sirsi) u157373
041 0# - LANGUAGE CODE
Language code of text/sound track or separate title eng
110 2# - MAIN ENTRY--CORPORATE NAME
Corporate name or jurisdiction name as entry element Messrs. Fleet & Brewer
9 (RLIN) 6119
245 04 - TITLE STATEMENT
Title The award of the commissioner appointed by an Act of Parliament for enclosure lands in the Parish of Tangley in the County of Southampton
Medium [manuscript]
260 ## - PUBLICATION, DISTRIBUTION, ETC.
Date of publication, distribution, etc. 1828
300 ## - PHYSICAL DESCRIPTION
Extent 1 v.
Other physical details plans
520 ## - SUMMARY, ETC.
Summary, etc. Item is a manuscript survey on vellum.
583 ## - ACTION NOTE
Action Coniditon reviewed
Time/date of action 20120620
Status condition level 3
651 #4 - SUBJECT ADDED ENTRY--GEOGRAPHIC NAME
Geographic name England
Chronological subdivision 886-
690 ## - LOCAL SUBJECT ADDED ENTRY--TOPICAL TERM (OCLC, RLIN)
Topical term or geographic name as entry element Finance and taxation
700 1# - ADDED ENTRY--PERSONAL NAME
Personal name Footner, Richard
942 ## - ADDED ENTRY ELEMENTS (KOHA)
Suppress in OPAC 0
Holdings
Withdrawn status Lost status Source of classification or shelving scheme Damaged status Not for loan Home library Current library Shelving location Date acquired Total Checkouts Full call number Barcode Date last seen Copy number Price effective from Koha item type
    Dewey Decimal Classification     Historic collection Historic collection Historic collection 19/11/2012   FOLIO 1828 FLEET 30078022 06/08/2019 1 06/08/2019 Book